| 000 | 00465nam a2200157 4500 | ||
|---|---|---|---|
| 001 | 123694 | ||
| 003 | ES-MaACL | ||
| 005 | 20230906192224.0 | ||
| 007 | t| | ||
| 008 | 070214s1973 sp r ||||1| spa d | ||
| 100 | 1 |
_aQuintanilla Rejado, Pablo. _994703 |
|
| 245 | 1 | 0 |
_aAbonado del pino insignis / _cPablo Quintanilla Rejado. |
| 260 |
_aMadrid : _bExtensión Agraria, _c1973. |
||
| 300 |
_a80 p., 4 lám. : _bil. ; _c24 cm. |
||
| 852 |
_aES-MaACL _jC-53405 _bR.86406 |
||
| 999 |
_c123694 _d123694 |
||